Optical rotatory power (Record no. 110471)

MARC details
000 -LEADER
campo de control de longitud fija 00550nam a2200169 i 4500
001 - NÚMERO DE CONTROL
campo de control 110471
003 - IDENTIFICADOR DE NÚMERO DE CONTROL
campo de control ES-MaACL
005 - FECHA Y HORA DE LA ÚLTIMA TRANSACCIÓN
campo de control 20230906185047.0
007 - CAMPO FIJO DE DESCRIPCIÓN FÍSICA--INFORMACIÓN GENERAL
campo de control de longitud fija t|
008 - DATOS DE LONGITUD FIJA--INFORMACIÓN GENERAL
campo de control de longitud fija 061121s1930 xxua |||| | eng d
110 2# - ENTRADA PRINCIPAL--NOMBRE DE ENTIDAD CORPORATIVA
Nombre de entidad corporativa o nombre de jurisdicción como elemento de entrada Faraday society (London)
9 (RLIN) 164161
245 10 - MENCIÓN DEL TÍTULO
Título Optical rotatory power
Resto del título : a general discussion held by the Faraday Society, April 1930... /
Mención de responsabilidad, etc. Faraday Society.
260 ## - PUBLICACIÓN, DISTRIBUCIÓN, ETC.
Lugar de publicación, distribución, etc. [Aberdeen :
Nombre del editor, distribuidor, etc. The University Press,
Fecha de publicación, distribución, etc. 1930]
300 ## - DESCRIPCIÓN FÍSICA
Extensión P. 265-461 :
Otras características físicas il. ;
Dimensiones 25 cm.
650 #4 - PUNTO DE ACCESO ADICIONAL DE MATERIA--TÉRMINO DE MATERIA
Término de materia o nombre geográfico como elemento de entrada Efecto Faraday.
9 (RLIN) 164162
852 ## - LOCALIZACIÓN
Ubicación ES-MaACL
Número de control de estantería A-1335
Holdings
Estatus retirado Estado de pérdida Estado de daño No para préstamo Biblioteca de origen Biblioteca actual Ubicación en estantería Fecha de adquisición Fuente de adquisición Total de préstamos Signatura topográfica completa Código de barras Visto por última vez Precio de reemplazo Tipo de ítem Koha
        Biblioteca del Ateneo de Madrid Biblioteca del Ateneo de Madrid Sala Pecera Planta 1 17/01/2008     A-1335 1115258 23/02/2023 23/02/2023 Libro impreso